[Event "CRO-chT2"]
[Site "Pula"]
[Date "1998.??.??"]
[Round "4"]
[White "Pavlin, Vladimir"]
[Black "Bozanic, Ivica"]
[Result "0-1"]
[WhiteElo "2320"]
[BlackElo "2265"]
[PlyCount "46"]
[EventDate "1998.??.??"]
[EventType "team"]
[EventRounds "9"]
[EventCountry "CRO"]
[SourceTitle "EXT 2000"]
[Source "ChessBase"]
[SourceDate "1999.11.16"]
[SourceVersion "1"]
[SourceVersionDate "1999.11.16"]
[SourceQuality "1"]

1. e4 e5 2. Nf3 Nc6 3. Nc3 Nf6 4. g3 Bc5 5. Nxe5 Nxe5 6. f4 Nc6 7. e5 Ng8 8. Ne4 Qe7 9. c3 d5 10. Nxc5 Qxc5 11. d4 Qe7 12. Bg2 Be6 13. 0-0 Qd7 14. b4 h5 15. Qa4 h4 16. Qb5 hxg3 17. f5 Bxf5 18. Bxd5 Nge7 19. Bg2 Rxh2 20. Bg5 Bh3 21. Bxc6 bxc6 22. Qb7 Rh1+ 23. Kxh1 Qd5+ 0-1

[Event "CRO-chT2"]
[Site "Pula"]
[Date "1998.??.??"]
[Round "8"]
[White "Smuk, Zelimir"]
[Black "Pavlin, Vladimir"]
[Result "0-1"]
[WhiteElo "2185"]
[BlackElo "2320"]
[PlyCount "92"]
[EventDate "1998.??.??"]
[EventType "team"]
[EventRounds "9"]
[EventCountry "CRO"]
[SourceTitle "EXT 2000"]
[Source "ChessBase"]
[SourceDate "1999.11.16"]
[SourceVersion "1"]
[SourceVersionDate "1999.11.16"]
[SourceQuality "1"]

1. e4 c5 2. Nf3 e6 3. c4 d6 4. d4 cxd4 5. Nxd4 Nf6 6. Nc3 a6 7. Be2 Nbd7 8. Be3 b6 9. 0-0 Bb7 10. f3 Rc8 11. Rc1 Be7 12. b3 0-0 13. Qe1 Re8 14. Bd3 Bf8 15. Bb1 d5 16. cxd5 exd5 17. Qf2 Ba3 18. Rc2 Bb4 19. Nxd5 Bxd5 20. exd5 Nxd5 21. Rxc8 Qxc8 22. Rc1 Bc5 23. Bd2 Qd8 24. b4 Nxb4 25. Bxb4 Bxb4 26. Qc2 Qh4 27. Ne2 Nf6 28. g3 Qg5 29. Kf1 Bc5 30. Nf4 Qe5 31. Kg2 Bd4 32. Rd1 g6 33. Qc4 Bc5 34. h4 b5 35. Qb3 Kg7 36. a4 bxa4 37. Qxa4 Rb8 38. Qxa6 Rb2+ 39. Kh1 Rf2 40. Qb7 Qe3 41. Be4 Rd2 42. Rf1 Rd7 43. Qa8 Bd6 44. Nd5 Qe2 45. Qa1 Be5 46. Qd1 Nxe4 0-1

[Event "Schneider Memorial"]
[Site "Budapest"]
[Date "1994.??.??"]
[Round "4"]
[White "Eismont, Oleg"]
[Black "Pavlin, Vladimir"]
[Result "1/2-1/2"]
[WhiteElo "2440"]
[BlackElo "2320"]
[PlyCount "33"]
[EventDate "1994.01.??"]
[EventType "swiss"]
[EventRounds "9"]
[EventCountry "HUN"]
[SourceTitle "EXT 1999"]
[Source "ChessBase"]
[SourceDate "1998.11.16"]
[SourceVersion "1"]
[SourceVersionDate "1998.11.16"]
[SourceQuality "1"]

1. e4 c5 2. Nc3 e6 3. Nf3 a6 4. g3 b5 5. Bg2 Bb7 6. d3 Nf6 7. 0-0 d6 8. Nh4 b4 9. Ne2 d5 10. exd5 Bxd5 11. Nf3 Nbd7 12. Nf4 Bb7 13. Re1 Be7 14. Qe2 Qb6 15. a4 0-0 16. a5 Qd6 17. Nd2 1/2-1/2

[Event "Schneider Memorial"]
[Site "Budapest"]
[Date "1994.??.??"]
[Round "7"]
[White "Pavlin, Vladimir"]
[Black "Chetverik, Maxim"]
[Result "0-1"]
[WhiteElo "2320"]
[BlackElo "2305"]
[PlyCount "66"]
[EventDate "1994.01.??"]
[EventType "swiss"]
[EventRounds "9"]
[EventCountry "HUN"]
[SourceTitle "EXT 1999"]
[Source "ChessBase"]
[SourceDate "1998.11.16"]
[SourceVersion "1"]
[SourceVersionDate "1998.11.16"]
[SourceQuality "1"]

1. e4 e5 2. Nc3 Nf6 3. Nf3 Nc6 4. g3 d5 5. exd5 Nxd5 6. Bg2 Nxc3 7. bxc3 Bd6 8. 0-0 0-0 9. d3 Rb8 10. Rb1 Bg4 11. h3 Be6 12. Ng5 Bf5 13. Ne4 Re8 14. Be3 Qd7 15. g4 Be6 16. c4 f6 17. Ng3 b6 18. c3 Ne7 19. Be4 Rf8 20. Kh2 Kh8 21. Rg1 g6 22. Bh6 Rf7 23. Qf3 f5 24. gxf5 Nxf5 25. Bxf5 gxf5 26. c5 Bxc5 27. Nh5 Bf8 28. Qe3 Qd6 29. Bg5 Bxa2 30. Ra1 Bd5 31. f4 Re8 32. c4 Bc6 33. fxe5 Rxe5 0-1